000 00461nam a2200157Ia 4500
003 OSt
005 20230602105049.0
008 211028s2012 xx 000 0 und d
040 _cAIMIT LIBRARY
041 _aeng
100 _aMachado, Rameela Nisha; Thomas, C G.
_98380
_e101928
110 _aC G Thomas
_98381
245 _aERP solution for ayurvedic medicine manufacturing unit: packing management system.
260 _aMangalore
_c2012
942 _2ddc
_cPRO
999 _c219859
_d219859